| 000 | 00697nam a22001697a 4500 | ||
|---|---|---|---|
| 003 | OSt | ||
| 005 | 20201014112213.0 | ||
| 008 | 201014b ||||| |||| 00| 0 eng d | ||
| 040 |
_aDO-SdBNP _bspa _cBNPHU |
||
| 082 |
_axxx _bxxx |
||
| 245 |
_aCarta enciclìca laborem exercens Juan Pablo II : _ba los venerables hermanos en el Episcopado, a los sacerdotes, a las familias religiosas a los hijos e hijas de la iglesia y a todos los hombres de buena voluntad sobre el trabajo humano en el 90 aniversario a Rerum Novarum |
||
| 260 |
_aSanto Domingo : _bAmigo del Hogar, _c1981 |
||
| 300 |
_a79 p. ; _c22 cm |
||
| 590 | _aInventariado, 2020 / DG | ||
| 910 | _aInventariado, 2020 / DG | ||
| 942 |
_2ddc _cLF2 |
||
| 999 |
_c48873 _d48873 |
||